[Event "Commonwealth-ch"]
[Site "Nagpur"]
[Date "2008.10.03"]
[Round "8"]
[White "Lolla, Sembhu"]
[Black "Meghna, CH."]
[Result "1-0"]
[WhiteElo "1943"]
[BlackElo "1729"]
[PlyCount "145"]
[EventDate "2008.09.28"]
[EventType "swiss"]
[EventRounds "11"]
[EventCountry "IND"]
[SourceTitle "CBM 126 Extra"]
[Source "ChessBase"]
[SourceDate "2008.11.05"]
[SourceVersion "1"]
[SourceVersionDate "2008.11.05"]
[SourceQuality "1"]

1. e3 e5 2. g3 d5 3. Bg2 Nf6 4. Ne2 Nc6 5. d4 e4 6. 0-0 Bd6 7. c4 Be6 8. Nbc3 Bb4 9. cxd5 Bxd5 10. Nxd5 Qxd5 11. a3 Be7 12. Nc3 Qd7 13. Nxe4 Nxe4 14. Bxe4 0-0 15. b4 a6 16. Bb2 Bf6 17. Qf3 Rfe8 18. Rac1 Rad8 19. Bxc6 bxc6 20. Qxc6 Qxc6 21. Rxc6 Rc8 22. Rfc1 Re7 23. R1c2 Kf8 24. d5 Bxb2 25. Rxb2 Ra8 26. Rbc2 Ra7 27. d6 cxd6 28. Rxd6 g6 29. Rcc6 a5 30. b5 Rab7 31. b6 Kg7 32. Rd5 Re6 33. Rxe6 fxe6 34. Rxa5 Rxb6 35. a4 Rb1+ 36. Kg2 Kf6 37. h4 Ra1 38. g4 h6 39. e4 Re1 40. e5+ Kf7 41. f4 Re2+ 42. Kf3 Rh2 43. Ra7+ Kf8 44. Kg3 Ra2 45. f5 gxf5 46. gxf5 exf5 47. e6 Re2 48. Kf4 Rxe6 49. Kxf5 Re1 50. h5 Kg8 51. a5 Ra1 52. a6 Ra5+ 53. Kg6 Rg5+ 54. Kxh6 Ra5 55. Kg6 Kf8 56. h6 Ra1 57. h7 Rg1+ 58. Kf5 Rf1+ 59. Ke4 Re1+ 60. Kd3 Rd1+ 61. Ke2 Rh1 62. h8Q+ Rxh8 63. Ra8+ Kg7 64. Rxh8 Kxh8 65. a7 Kg7 66. a8Q Kf7 67. Qc6 Ke7 68. Ke3 Kf7 69. Ke4 Ke7 70. Kf5 Kf7 71. Qd7+ Kg8 72. Kf6 Kh8 73. Qg7# 1-0

[Event "Commonwealth-ch"]
[Site "Nagpur"]
[Date "2008.09.28"]
[Round "1"]
[White "Lolla, Sembhu"]
[Black "Himanshu, Sharma"]
[Result "0-1"]
[WhiteElo "1943"]
[BlackElo "2423"]
[PlyCount "50"]
[EventDate "2008.09.28"]
[EventType "swiss"]
[EventRounds "11"]
[EventCountry "IND"]
[SourceTitle "CBM 126 Extra"]
[Source "ChessBase"]
[SourceDate "2008.11.05"]
[SourceVersion "1"]
[SourceVersionDate "2008.11.05"]
[SourceQuality "1"]

1. g3 d5 2. Bg2 e5 3. e3 Nf6 4. Ne2 Be7 5. d4 Nbd7 6. Nd2 0-0 7. 0-0 Re8 8. b3 c6 9. Bb2 e4 10. c4 Nf8 11. Nc3 Bg4 12. f3 exf3 13. Bxf3 Bh3 14. Re1 Ne6 15. Bh1 Bb4 16. a3 Bxc3 17. Bxc3 Ng5 18. Qc2 Qd7 19. e4 Nfxe4 20. Nf3 h5 21. Nxg5 Nxg5 22. Qd2 f6 23. Qf4 Be6 24. Bg2 dxc4 25. bxc4 Bxc4 0-1

[Event "Commonwealth-ch"]
[Site "New Delhi"]
[Date "2007.12.04"]
[Round "3"]
[White "Lolla, Sembhu"]
[Black "Sauravh, Khherdekar"]
[Result "0-1"]
[WhiteElo "2023"]
[BlackElo "2291"]
[PlyCount "42"]
[EventDate "2007.12.03"]
[EventType "swiss"]
[EventRounds "10"]
[EventCountry "IND"]
[SourceTitle "CBM 121 Extra"]
[Source "ChessBase"]
[SourceDate "2008.01.10"]
[SourceVersion "1"]
[SourceVersionDate "2008.01.10"]
[SourceQuality "1"]

1. g3 e5 2. Bg2 d5 3. e3 Nf6 4. Ne2 Nc6 5. d4 Bg4 6. h3 Bh5 7. g4 Bg6 8. dxe5 Ne4 9. h4 h5 10. f3 Nc5 11. f4 hxg4 12. Bxd5 Nb4 13. e4 Nxe4 14. c4 c6 15. a3 Nxd5 16. cxd5 Rxh4 17. Rf1 Rh2 18. Qb3 Qh4+ 19. Kd1 0-0-0 20. d6 Nf2+ 21. Kd2 Bxd6 0-1

[Event "Commonwealth-ch"]
[Site "New Delhi"]
[Date "2007.12.03"]
[Round "2"]
[White "Krishna Teja, N."]
[Black "Lolla, Sembhu"]
[Result "0-1"]
[WhiteElo "1777"]
[BlackElo "2023"]
[PlyCount "72"]
[EventDate "2007.12.03"]
[EventType "swiss"]
[EventRounds "10"]
[EventCountry "IND"]
[SourceTitle "CBM 121 Extra"]
[Source "ChessBase"]
[SourceDate "2008.01.10"]
[SourceVersion "1"]
[SourceVersionDate "2008.01.10"]
[SourceQuality "1"]

1. d4 Nf6 2. Nf3 d5 3. Bf4 Bg4 4. e3 e6 5. h3 Bh5 6. c3 c5 7. Bxb8 Bxf3 8. Bb5+ Nd7 9. Qxf3 Rxb8 10. Nd2 cxd4 11. exd4 Bd6 12. a3 0-0 13. Bxd7 Qxd7 14. 0-0 Bc7 15. Qd3 f6 16. Rfe1 e5 17. dxe5 fxe5 18. Rad1 Qf7 19. Qf3 Qe6 20. Qe3 e4 21. Nb3 Qd6 22. g3 Bb6 23. Nd4 Rbe8 24. Qd2 Qg6 25. Kh2 h5 26. h4 Bc7 27. Nb5 Bb8 28. Qxd5+ Kh8 29. Qd2 Qg4 30. Qe2 Rf3 31. Rg1 Qxh4+ 32. Kg2 Rxg3+ 33. fxg3 Qxg3+ 34. Kf1 Rf8+ 35. Qf3 Rxf3+ 36. Ke2 Qf2# 0-1

[Event "Commonwealth-ch"]
[Site "New Delhi"]
[Date "2007.12.03"]
[Round "1"]
[White "Lolla, Sembhu"]
[Black "Venkatesh, Marani Rajendran"]
[Result "0-1"]
[WhiteElo "2023"]
[BlackElo "2451"]
[PlyCount "42"]
[EventDate "2007.12.03"]
[EventType "swiss"]
[EventRounds "10"]
[EventCountry "IND"]
[SourceTitle "CBM 121 Extra"]
[Source "ChessBase"]
[SourceDate "2008.01.10"]
[SourceVersion "1"]
[SourceVersionDate "2008.01.10"]
[SourceQuality "1"]

1. g3 d5 2. Bg2 Nf6 3. e3 c6 4. Ne2 e5 5. d4 e4 6. c4 Bd6 7. Nbc3 0-0 8. Qb3 Na6 9. cxd5 cxd5 10. 0-0 Nc7 11. f3 exf3 12. Bxf3 Bh3 13. Re1 Re8 14. Qxb7 Rb8 15. Qc6 Ne6 16. Nxd5 Ng5 17. Nxf6+ Qxf6 18. Bg2 Rbc8 19. Qd5 Bxg2 20. Kxg2 Rc2 21. Bd2 Rxd2 0-1